000 00308nam a2200157Ia 4500
100 _aSuehring/Steve/ converse/Tino
650 _aPHP
942 _cBK
366 _f20
245 _aPHP6 and MYSQL
260 _bWiley
_c2009
082 _a5.133
_bSUE
300 _a873
546 _aENGLISH
999 _c34704
_d34704